Historia de los PP. Dominicos en las Islas Filipinas y en sus misiones del Japón, China, Tung-kin y Formosa (Record no. 53964)

MARC details
000 -LEADER
campo de control de longitud fija 01258nam a2200217 i 4500
001 - NÚMERO DE CONTROL
campo de control 53964
003 - IDENTIFICADOR DE NÚMERO DE CONTROL
campo de control ES-MaACL
005 - FECHA Y HORA DE LA ÚLTIMA TRANSACCIÓN
campo de control 20230906162850.0
007 - CAMPO FIJO DE DESCRIPCIÓN FÍSICA--INFORMACIÓN GENERAL
campo de control de longitud fija t|
008 - DATOS DE LONGITUD FIJA--INFORMACIÓN GENERAL
campo de control de longitud fija 960710m18701872sp |||| | spa d
100 1# - ENTRADA PRINCIPAL--NOMBRE DE PERSONA
Nombre de persona Ferrando, Juan.
9 (RLIN) 50283
245 10 - MENCIÓN DEL TÍTULO
Título Historia de los PP. Dominicos en las Islas Filipinas y en sus misiones del Japón, China, Tung-kin y Formosa
Resto del título : que comprende los sucesos principales de la historia general de este archipiélago, desde el descubrimiento y conquista de estas islas por las flotas españolas hasta el año 1840 /
Mención de responsabilidad, etc. obra original e inédita del M.R.P. Fr. Juan Ferrando ... ; y corregida, variada y refundida en su plan, en sus formas y en su estilo por Fr. Joaquín Fonseca ... con un apéndice hasta nuestros días ; se imprime por orden del Provincial Fr. Pedro Payo.
260 ## - PUBLICACIÓN, DISTRIBUCIÓN, ETC.
Lugar de publicación, distribución, etc. Madrid :
Nombre del editor, distribuidor, etc. [s.n.],
Fecha de publicación, distribución, etc. 1870-1872 (
Fabricante Imp. y estereotipia de M. Rivadeneyra)
300 ## - DESCRIPCIÓN FÍSICA
Extensión 6 v. ;
Dimensiones 23 cm.
530 ## - NOTA DISPONIBLE DE FORMULARIO FÍSICO ADICIONAL
Nota de formato físico adicional disponible Disponible en formato digital.
610 24 - PUNTO DE ACCESO ADICIONAL DE MATERIA--NOMBRE DE ENTIDAD CORPORATIVA
Nombre de entidad corporativa o nombre de jurisdicción como elemento de entrada Dominicos-
Subdivisión general Misiones-
Subdivisión geográfica Asia.
9 (RLIN) 170500
700 1# - ENTRADA AGREGADA--NOMBRE PERSONAL
Nombre de persona Fonseca, Joaquín.
9 (RLIN) 51520
700 1# - ENTRADA AGREGADA--NOMBRE PERSONAL
Nombre de persona Payo y Piñeiro, Pedro (
Fechas asociadas al nombre 1814-1889)
9 (RLIN) 170501
852 ## - LOCALIZACIÓN
Ubicación ES-MaACL
Número de control de estantería F-5419-24
856 ## - LOCALIZACIÓN Y ACCESO ELECTRÓNICOS
Identificador Uniforme de Recursos <a href="http://bdh-rd.bne.es/viewer.vm?id=0000248534&page=1 ">http://bdh-rd.bne.es/viewer.vm?id=0000248534&page=1 </a>
Nota pública Biblioteca Digital Hispánica
Holdings
Estatus retirado Estado de pérdida Estado de daño No para préstamo Colección Biblioteca de origen Biblioteca actual Ubicación en estantería Fecha de adquisición Fuente de adquisición Total de préstamos Signatura topográfica completa Código de barras Visto por última vez Precio de reemplazo Tipo de ítem Koha
        Colección digital Biblioteca del Ateneo de Madrid Biblioteca del Ateneo de Madrid Depósito 2 17/01/2008     F-5419-24 1056715 23/02/2023 23/02/2023 Libro impreso antiguo